000 00677nam a2200253Ia 4500
003 OSt
005 20221005033717.0
006 a|||||r|||| 00| 0
007 ta
008 221004b |||||||| |||| 00| 0 hin d
020 _a8172360770
024 _a22945
037 _cTextual
040 _aCRL
_cCRL
_bhin
041 _2hin
_ahin
082 _aH191, 152N3
100 _aVerma Ajit Ram
_9586298
245 0 _aAnmol ratan heera Ed by Vinita Singhal
260 _aDelhi
_bCSIR India
_c1993
300 _a71p.
_ccm.
650 _aMINES AND MINERAL RESOURCES
_920940
942 _hH191, 152N3
_cTEXL
_2cc
999 _c941957
_d941957